Animated TV Show by Backpack Quiz Stats

Quiz Updated Aug 21, 2016

Challenge
Share
Tweet
Score 0/20 Timer 05:00
1 Play Today
% Correct
The Simpsons
99.6%
SpongeBob SquarePants
98.6%
Garfield and Friends
97.7%
Batman: The Animated Series
97.3%
The Pink Panther Show
94.8%
Pokémon
94.1%
Tom and Jerry
93%
Teenage Mutant Ninja Turtles
92.8%
South Park
91.8%
Looney Tunes
90.4%
% Correct
Bob's Burgers
78.4%
Johnny Bravo
75.1%
Hey Arnold!
74.2%
The Ren & Stimpy Show
71.4%
Adventure Time
67.9%
DuckTales
66.2%
Dora the Explorer
55.8%
Phineas and Ferb
50.6%
Futurama
40.1%
Regular Show
32.2%

You're not logged in!

Compare scores with friends on all Sporcle quizzes.
Sign Up with Email
OR
Log In

You Might Also Like...

Show Comments

Extras

Top Quizzes Today


Score Distribution

Your Account Isn't Verified!

In order to create a playlist on Sporcle, you need to verify the email address you used during registration. Go to your Sporcle Settings to finish the process.